[Event "CZE-chT1W 1617"]
[Site "Czech Republic"]
[Date "2016.12.04"]
[Round "4.1"]
[White "Cap, Adam"]
[Black "Hollan, Petr"]
[Result "1/2-1/2"]
[WhiteElo "2288"]
[BlackElo "2288"]
[PlyCount "98"]
[EventDate "2016.10.16"]
[EventType "team-tourn"]
[EventRounds "11"]
[EventCountry "CZE"]
[SourceTitle "CBM 177 Extra"]
[Source "ChessBase"]
[SourceDate "2017.04.27"]
[SourceVersion "1"]
[SourceVersionDate "2017.04.27"]
[SourceQuality "1"]
[WhiteTeam "Neratovice"]
[BlackTeam "Praha Oaza"]
[WhiteTeamCountry "CZE"]
[BlackTeamCountry "CZE"]

1. e4 c5 2. Nf3 Nc6 3. d4 cxd4 4. Nxd4 Nf6 5. Nc3 e5 6. Ndb5 d6 7. Bg5 a6 8. Na3 b5 9. Bxf6 gxf6 10. Nd5 f5 11. c3 Bg7 12. exf5 Bxf5 13. Nc2 0-0 14. Nce3 Be6 15. Qh5 f5 16. g3 Ne7 17. Bg2 Rb8 18. 0-0 Bxd5 19. Bxd5+ Kh8 20. Rad1 Rf6 21. Bb3 Rh6 22. Qe2 Qd7 23. f4 Qa7 24. Kh1 Rf8 25. Qf3 a5 26. Bc2 exf4 27. gxf4 b4 28. Nd5 Nxd5 29. Rxd5 Rhf6 30. c4 a4 31. Re1 Qa6 32. Qd3 Qb6 33. Qe3 Qc7 34. Qd3 Qb6 35. Qe3 Qc6 36. Bd3 b3 37. axb3 axb3 38. Qa7 R6f7 39. Re7 Rxe7 40. Qxe7 Qa4 41. Rxf5 Qa1+ 42. Kg2 Qxb2+ 43. Kh3 Rxf5 44. Bxf5 Qc3+ 45. Kg4 Qf6 46. Qxf6 Bxf6 47. Bd3 Kg7 48. Kf5 Kf7 49. h3 h5 1/2-1/2

[Event "CZE-chT2A 1617"]
[Site "Czech Republic"]
[Date "2016.10.30"]
[Round "2.1"]
[White "Cap, Adam"]
[Black "Palek, Miroslav"]
[Result "1/2-1/2"]
[WhiteElo "2277"]
[BlackElo "2177"]
[PlyCount "53"]
[EventDate "2016.10.09"]
[EventType "team-tourn"]
[EventRounds "11"]
[EventCountry "CZE"]
[SourceTitle "EXT 2022"]
[Source "ChessBase"]
[SourceDate "2021.10.06"]
[SourceVersion "1"]
[SourceVersionDate "2021.10.06"]
[SourceQuality "1"]
[WhiteTeam "Kladno"]
[BlackTeam "Domazlice"]
[WhiteTeamCountry "CZE"]
[BlackTeamCountry "CZE"]

1. e4 c6 2. d4 d5 3. Nc3 dxe4 4. Nxe4 g6 5. Nf3 Bg7 6. Be3 Nd7 7. c4 Ngf6 8. Ng3 0-0 9. Be2 e5 10. 0-0 Qc7 11. d5 cxd5 12. cxd5 Qd6 13. Qb3 b6 14. Rfd1 Bb7 15. Ng5 Nc5 16. Bxc5 Qxc5 17. N5e4 Nxe4 18. Nxe4 Qe7 19. Bc4 Rac8 20. d6 Qd7 21. Bd5 Bxd5 22. Qxd5 h6 23. Rac1 Kh7 24. b4 f5 25. Nc3 Rfd8 26. g3 a6 27. Ne2 1/2-1/2

[Event "CZE-chT2A 1617"]
[Site "Czech Republic"]
[Date "2016.10.09"]
[Round "1.1"]
[White "Zvara, Petr"]
[Black "Cap, Adam"]
[Result "0-1"]
[WhiteElo "2370"]
[BlackElo "2277"]
[PlyCount "79"]
[EventDate "2016.10.09"]
[EventType "team-tourn"]
[EventRounds "11"]
[EventCountry "CZE"]
[SourceTitle "EXT 2022"]
[Source "ChessBase"]
[SourceDate "2021.10.06"]
[SourceVersion "1"]
[SourceVersionDate "2021.10.06"]
[SourceQuality "1"]
[WhiteTeam "Praha Bohemians II"]
[BlackTeam "Kladno"]
[WhiteTeamCountry "CZE"]
[BlackTeamCountry "CZE"]

1. e4 e5 2. Nf3 Nc6 3. Bc4 Nf6 4. d3 Bc5 5. c3 d6 6. Nbd2 0-0 7. Bb3 Ne7 8. d4 exd4 9. cxd4 Bb6 10. 0-0 d5 11. exd5 Nexd5 12. h3 c6 13. Nc4 Ne4 14. Re1 Bf5 15. Nfe5 Qh4 16. Re2 Rad8 17. Nxb6 Nxb6 18. Nf3 Qh5 19. Qe1 Nf6 20. Bg5 Bxh3 21. Bxf6 gxf6 22. Re4 Bg4 23. Nh2 Bf5 24. Rf4 Qg5 25. g3 Nd5 26. Nf3 Qh5 27. Bxd5 Rxd5 28. Qe3 Rd6 29. Rh4 Qg6 30. Qf4 Re6 31. Qc7 Be4 32. Nh2 f5 33. Qxb7 Bd5 34. Qxa7 Rfe8 35. Qa5 Qg5 36. Qc3 Re3 37. fxe3 Qxg3+ 38. Kf1 Qxh4 39. Qd2 Qh3+ 40. Kg1 0-1

[Event "CZE-chT rap"]
[Site "Pardubice"]
[Date "2016.07.15"]
[Round "3.1"]
[White "Cyborowski, Lukasz"]
[Black "Cap, Adam"]
[Result "1-0"]
[WhiteElo "2519"]
[BlackElo "2290"]
[PlyCount "31"]
[EventDate "2016.07.14"]
[EventType "team-swiss"]
[EventRounds "7"]
[EventCountry "CZE"]
[SourceTitle "EXT 2017"]
[Source "ChessBase"]
[SourceDate "2016.10.25"]
[SourceVersion "1"]
[SourceVersionDate "2016.10.25"]
[SourceQuality "1"]
[WhiteTeam "Turnov Zikuda"]
[BlackTeam "Kladno"]
[WhiteTeamCountry "CZE"]
[BlackTeamCountry "CZE"]

1. Nf3 Nf6 2. c4 g6 3. Nc3 Bg7 4. g3 0-0 5. Bg2 c5 6. d4 d6 7. 0-0 Nc6 8. d5 Ne5 9. Nxe5 dxe5 10. Be3 Qa5 11. Na4 Nd7 12. a3 f5 13. Nxc5 Nxc5 14. b4 Qd8 15. Bxc5 e4 16. Rc1 1-0

[Event "CZE-ch U18"]
[Site "Kouty nad Desnou"]
[Date "2016.03.10"]
[Round "8"]
[White "Hollan, Martin"]
[Black "Cap, Adam"]
[Result "1/2-1/2"]
[WhiteElo "2218"]
[BlackElo "2346"]
[PlyCount "92"]
[EventDate "2016.03.04"]
[EventType "tourn"]
[EventRounds "11"]
[EventCountry "CZE"]
[EventCategory "4"]
[SourceTitle "CBM 171 Extra"]
[Source "ChessBase"]
[SourceDate "2016.04.26"]
[SourceVersion "1"]
[SourceVersionDate "2016.04.26"]
[SourceQuality "1"]

1. d4 Nf6 2. c4 c5 3. Nf3 e6 4. Nc3 cxd4 5. Nxd4 Nc6 6. Ndb5 d6 7. Bf4 e5 8. Bg5 a6 9. Bxf6 gxf6 10. Na3 f5 11. g3 Be6 12. Bg2 h5 13. h4 Bg7 14. Qb3 Rb8 15. Rd1 e4 16. Nd5 b5 17. 0-0 Na5 18. Qc2 b4 19. Nb1 b3 20. axb3 Rxb3 21. Nbc3 Qb8 22. Na4 Bd7 23. Qd2 Qd8 24. Nab6 Rxb6 25. Qxa5 Rc6 26. Qa3 Be5 27. e3 Be6 28. b3 0-0 29. Nb4 Rb6 30. c5 Rb5 31. Nc6 Qc7 32. Qxa6 Rxc5 33. Nxe5 dxe5 34. b4 Rc2 35. b5 Rb8 36. Rb1 Qb6 37. Qxb6 Rxb6 38. Rfd1 Bc4 39. Rd8+ Kg7 40. Rc8 Bd3 41. Rxc2 Bxc2 42. Rc1 Bd3 43. Bh3 f4 44. Bd7 fxe3 45. fxe3 Kf8 46. Bc6 Bxb5 1/2-1/2

[Event "CZE-ch U18"]
[Site "Kouty nad Desnou"]
[Date "2016.03.08"]
[Round "6"]
[White "Vykouk, Jan"]
[Black "Cap, Adam"]
[Result "1-0"]
[WhiteElo "2434"]
[BlackElo "2346"]
[PlyCount "113"]
[EventDate "2016.03.04"]
[EventType "tourn"]
[EventRounds "11"]
[EventCountry "CZE"]
[EventCategory "4"]
[SourceTitle "CBM 171 Extra"]
[Source "ChessBase"]
[SourceDate "2016.04.26"]
[SourceVersion "1"]
[SourceVersionDate "2016.04.26"]
[SourceQuality "1"]

1. e4 e5 2. Nf3 Nc6 3. Bc4 Be7 4. d4 d6 5. dxe5 dxe5 6. Qxd8+ Bxd8 7. c3 Nf6 8. Nbd2 Be7 9. 0-0 0-0 10. Re1 Bd6 11. b4 Re8 12. Bb3 Bg4 13. h3 Bh5 14. Nh4 a5 15. g4 Bg6 16. Nxg6 hxg6 17. b5 Nb8 18. a4 Nbd7 19. Nc4 Bc5 20. Kg2 Nb6 21. Nb2 Rad8 22. Kf3 Rd6 23. g5 Nh5 24. Ke2 Red8 25. Rd1 Rxd1 26. Bxd1 Nf4+ 27. Bxf4 exf4 28. f3 Be3 29. Nd3 Nd7 30. Bb3 Nc5 31. Nxc5 Bxc5 32. Bd5 b6 33. h4 Kf8 34. Rh1 Ke7 35. h5 gxh5 36. Rxh5 Rd6 37. Kd3 Rg6 38. e5 f6 39. gxf6+ gxf6 40. Rh7+ Kd8 41. Be4 Rg8 42. exf6 Rf8 43. f7 Ke7 44. Bd5 Kf6 45. Ke4 Kg6 46. Rh4 Bd6 47. Rg4+ Kf6 48. Rg8 Ke7 49. Kf5 Rd8 50. Bc6 Rf8 51. Be8 Ba3 52. Rg6 Bb2 53. Re6+ Kd8 54. Kg6 Ba3 55. Bc6 Be7 56. Kg7 Rg8+ 57. fxg8R+ 1-0

[Event "CZE-ch U18"]
[Site "Kouty nad Desnou"]
[Date "2016.03.07"]
[Round "5"]
[White "Cap, Adam"]
[Black "Marek, Matyas"]
[Result "1/2-1/2"]
[WhiteElo "2346"]
[BlackElo "2419"]
[PlyCount "66"]
[EventDate "2016.03.04"]
[EventType "tourn"]
[EventRounds "11"]
[EventCountry "CZE"]
[EventCategory "4"]
[SourceTitle "CBM 171 Extra"]
[Source "ChessBase"]
[SourceDate "2016.04.26"]
[SourceVersion "1"]
[SourceVersionDate "2016.04.26"]
[SourceQuality "1"]

1. e4 c5 2. Nf3 d6 3. d3 Nc6 4. g3 g6 5. Bg2 Bg7 6. 0-0 e5 7. Na3 Nge7 8. c3 0-0 9. Be3 b6 10. Qd2 Re8 11. d4 Bg4 12. d5 Nb8 13. h3 Bc8 14. b4 Nd7 15. Rfd1 Rf8 16. Nc4 Nf6 17. Nfxe5 dxe5 18. bxc5 bxc5 19. Nxe5 Nd7 20. Nc6 Qe8 21. f4 Nxc6 22. dxc6 Nb6 23. Bxc5 Qxc6 24. Bxf8 Bxf8 25. e5 Qc5+ 26. Kh2 Rb8 27. Qd8 Nc4 28. Rab1 Rxb1 29. Rxb1 Be6 30. Rb8 Ne3 31. Qd4 Kg7 32. Be4 Be7 33. a4 Nf5 1/2-1/2

[Event "CZE-ch U18"]
[Site "Kouty nad Desnou"]
[Date "2016.03.06"]
[Round "3"]
[White "Cap, Adam"]
[Black "Kozusek, Daniel"]
[Result "1-0"]
[WhiteElo "2346"]
[BlackElo "2200"]
[PlyCount "95"]
[EventDate "2016.03.04"]
[EventType "tourn"]
[EventRounds "11"]
[EventCountry "CZE"]
[EventCategory "4"]
[SourceTitle "CBM 171 Extra"]
[Source "ChessBase"]
[SourceDate "2016.04.26"]
[SourceVersion "1"]
[SourceVersionDate "2016.04.26"]
[SourceQuality "1"]

1. e4 d6 2. d4 Nf6 3. Nc3 e5 4. Nf3 Nbd7 5. Bd3 Be7 6. Ne2 exd4 7. Nfxd4 0-0 8. 0-0 Re8 9. Ng3 Bf8 10. c4 Nc5 11. f3 c6 12. Re1 g6 13. Bf1 Bg7 14. Rb1 a5 15. Be3 h5 16. Nb3 Ne6 17. Qd2 a4 18. Nd4 Nc5 19. Red1 h4 20. Nge2 Nfxe4 21. fxe4 Nxe4 22. Qc1 Bg4 23. Re1 c5 24. Nb5 Bf5 25. Nf4 h3 26. Nxh3 Nf6 27. Ra1 a3 28. bxa3 Ng4 29. Bg5 Qb6 30. Qd2 Ne5 31. Nf4 f6 32. Nd5 Qxb5 33. cxb5 fxg5 34. Nc7 Ng4 35. Rxe8+ Rxe8 36. Nxe8 Bxa1 37. Be2 Bd4+ 38. Qxd4 cxd4 39. Bxg4 Bxg4 40. Nf6+ Kf7 41. Nxg4 Ke6 42. Kf2 Kd5 43. Ke2 Kc4 44. a4 Kb4 45. Kd3 Kxa4 46. b6 Kb5 47. Kxd4 Kxb6 48. Ne3 1-0

[Event "CZE-chT2A 1516"]
[Site "Czech Republic"]
[Date "2016.01.10"]
[Round "5.2"]
[White "Cap, Adam"]
[Black "Houska, Jiri"]
[Result "1/2-1/2"]
[WhiteElo "2346"]
[BlackElo "2189"]
[PlyCount "65"]
[EventDate "2015.10.18"]
[EventType "team-tourn"]
[EventRounds "11"]
[EventCountry "CZE"]
[SourceTitle "EXT 2022"]
[Source "ChessBase"]
[SourceDate "2021.10.06"]
[SourceVersion "1"]
[SourceVersionDate "2021.10.06"]
[SourceQuality "1"]
[WhiteTeam "Kladno"]
[BlackTeam "Line"]
[WhiteTeamCountry "CZE"]
[BlackTeamCountry "CZE"]

1. e4 c5 2. Nf3 d6 3. d4 cxd4 4. Nxd4 Nf6 5. Nc3 g6 6. Be3 Bg7 7. f3 0-0 8. Qd2 Nc6 9. Bc4 Bd7 10. 0-0 Rc8 11. Bb3 a6 12. Rfd1 Na5 13. Nd5 Nxb3 14. axb3 Nxd5 15. exd5 Qc7 16. Qb4 Rfe8 17. c3 Ra8 18. Nc2 a5 19. Qh4 b5 20. Bd4 b4 21. Bxg7 Kxg7 22. Qd4+ f6 23. Ne3 Reb8 24. c4 Kf7 25. Re1 Qc5 26. Qh4 h5 27. Kh1 a4 28. bxa4 Rxa4 29. Rxa4 Bxa4 30. Qf4 Qc8 31. Qe4 Rb7 32. Ra1 Bd7 33. g4 1/2-1/2

[Event "CZE-ch U18/20 sf"]
[Site "Doksy"]
[Date "2015.11.25"]
[Round "5"]
[White "Hollan, Petr"]
[Black "Cap, Adam"]
[Result "1/2-1/2"]
[WhiteElo "2332"]
[BlackElo "2218"]
[PlyCount "72"]
[EventDate "2015.11.14"]
[EventType "swiss"]
[EventRounds "9"]
[EventCountry "CZE"]
[SourceTitle "EXT 2022"]
[Source "ChessBase"]
[SourceDate "2021.10.06"]
[SourceVersion "1"]
[SourceVersionDate "2021.10.06"]
[SourceQuality "1"]

1. e4 e5 2. Nf3 Nc6 3. Bb5 a6 4. Ba4 Nf6 5. 0-0 b5 6. Bb3 Be7 7. Re1 d6 8. c3 Na5 9. Bc2 c5 10. d4 cxd4 11. cxd4 Nc6 12. h3 0-0 13. Nc3 Bd7 14. Be3 Rc8 15. Qd2 Re8 16. Rac1 exd4 17. Nxd4 Ne5 18. b3 b4 19. Nd5 Nxd5 20. exd5 Qa5 21. Be4 Bf6 22. f3 Rc3 23. Ne2 Rcc8 24. Nd4 Rc3 25. Rxc3 bxc3 26. Qc2 Ng6 27. Rc1 Rc8 28. Kh1 Ne7 29. Bxh7+ Kh8 30. Nf5 Nxd5 31. Nxd6 g6 32. Bxg6 Nxe3 33. Qe4 fxg6 34. Qxg6 Bg7 35. Nf7+ Kg8 36. Nh6+ Kh8 1/2-1/2